Kliknij województwa Polski z lat 1975-1998 na mapie - Statystyki

Ogólne statystyki
  • Ten quiz został rozwiązany 181 razy
    175 od ostatniego zresetowania
  • Średni wynik to 36 z 49
Odpowiedzi na mapie
Odpowiedzi zakodowano w zielono-czerwonej skali na mapie do tego quizu, zgodnie z poniższymi procentami.
 
Statystyki odpowiedzi
Odpowiedź % Poprawnych
Opolskie
85%
Białostockie
84%
Poznańskie
84%
Słupskie
84%
Katowickie
82%
Koszalińskie
82%
Olsztyńskie
82%
Zielonogórskie
82%
Częstochowskie
79%
Gdańskie
79%
Suwalskie
79%
Szczecińskie
79%
Wałbrzyskie
79%
Warszawskie
79%
Kieleckie
77%
Rzeszowskie
77%
Wrocławskie
77%
Bydgoskie
76%
Jeleniogórskie
76%
Krakowskie
76%
Przemyskie
76%
Gorzowskie
74%
Skierniewickie
74%
Elbląskie
73%
Legnickie
73%
Łódzkie
73%
Konińskie
71%
Łomżyńskie
71%
Nowosądeckie
71%
Ostrołęckie
71%
Krośnieńskie
69%
Lubelskie
69%
Pilskie
69%
Bialskopodlaskie
68%
Chełmskie
68%
Leszczyńskie
68%
Tarnowskie
68%
Toruńskie
68%
Zamojskie
68%
Piotrkowskie
66%
Radomskie
66%
Siedleckie
66%
Bielskie
65%
Ciechanowskie
65%
Kaliskie
65%
Tarnobrzeskie
63%
Płockie
61%
Sieradzkie
61%
Włocławskie
55%
Nie znaleziono quizów pasujących do podanych kryteriów
Rozkład punktacji
Procent ludzi z każdym wynikiem
Percentyl według liczby udzielonych odpowiedzi
Twoja historia wyników
Nie rozwiązałeś tego quizu od ostatniego zresetowania